| 000 | 00723nam a2200265Ia 4500 | ||
|---|---|---|---|
| 003 | OSt | ||
| 005 | 20220918164429.0 | ||
| 006 | a|||||r|||| 00| 0 | ||
| 007 | ta | ||
| 008 | 220917b |||||||| |||| 00| 0 eng d | ||
| 020 | _a0582381827 (pbk) | ||
| 024 | _a177,065 | ||
| 037 | _cTextual | ||
| 040 |
_aARTS _cARTS _beng |
||
| 041 |
_2eng _aeng |
||
| 082 | _aP111:1, P0 (SC) | ||
| 100 |
_aRogers Henry _918880 |
||
| 245 | 0 |
_aSounds of language _b an introduction to phonetics |
|
| 260 |
_aHarlow _bLongman _c2000 |
||
| 300 |
_axiii, 350p. _ccm. |
||
| 490 | _aLearning about language | ||
| 650 | _aLINGUISTICS | ||
| 942 |
_hP111:1, P0 (SC) _cTEXL _2CC |
||
| 999 |
_c124754 _d124754 |
||